[Event "SenorDM i hurtigskak"]
[Site "?"]
[Date "2014.09.03"]
[Round "6.2"]
[White "Stentebjerg-Hansen, Per"]
[Black "Jakobsen, Niels Nybo"]
[Result "1-0"]
[LiveChessVersion "1.4.2"]
[BlackElo "2071"]
[WhiteElo "2195"]

1. d4 {[%clk 0:20:08]} Nf6 {[%clk 0:19:47]} 2. c4 {[%clk 0:20:11]} g6
{[%clk 0:19:47]} 3. Nc3 {[%clk 0:20:13]} Bg7 {[%clk 0:19:50]} 4. e4
{[%clk 0:20:16]} d6 {[%clk 0:19:53]} 5. Nf3 {[%clk 0:19:34]} O-O {[%clk 0:19:53]}
6. Be2 {[%clk 0:19:36]} Nbd7 {[%clk 0:19:45]} 7. O-O {[%clk 0:19:28]} e5
{[%clk 0:19:45]} 8. Re1 {[%clk 0:19:17]} Re8 {[%clk 0:18:43]} 9. Bf1
{[%clk 0:18:59]} exd4 {[%clk 0:18:13]} 10. Nxd4 {[%clk 0:19:00]} Nc5
{[%clk 0:17:52]} 11. f3 {[%clk 0:18:51]} h6 {[%clk 0:15:17]} 12. Be3
{[%clk 0:18:01]} Kh7 13. Qd2 a5 {[%clk 0:14:17]} 14. Rad1 {[%clk 0:18:08]} Bd7
{[%clk 0:14:04]} 15. Qf2 {[%clk 0:18:06]} Nh5 {[%clk 0:13:31]} 16. g4
{[%clk 0:17:05]} Nf6 {[%clk 0:13:13]} 17. h3 {[%clk 0:14:34]} Qc8
{[%clk 0:12:22]} 18. Qh4 {[%clk 0:14:23]} Ng8 {[%clk 0:12:13]} 19. Nd5
{[%clk 0:14:08]} Ne6 {[%clk 0:11:14]} 20. g5 {[%clk 0:12:00]} Qd8
{[%clk 0:10:05]} 21. f4 {[%clk 0:11:28]} c6 {[%clk 0:09:19]} 22. Nc3
{[%clk 0:11:25]} Nc5 {[%clk 0:08:45]} 23. Bg2 {[%clk 0:11:09]} h5
{[%clk 0:08:42]} 24. Bf3 {[%clk 0:10:48]} Ne7 {[%clk 0:08:26]} 25. f5
{[%clk 0:08:56]} Be5 {[%clk 0:06:17]} 26. Bxh5 {[%clk 0:07:54]} gxh5
{[%clk 0:06:20]} 27. Qxh5+ {[%clk 0:07:57]} Kg8 {[%clk 0:06:24]} 28. g6
{[%clk 0:08:01]} fxg6 {[%clk 0:05:59]} 29. fxg6 {[%clk 0:08:04]} Nxg6
{[%clk 0:05:22]} 30. Qxg6+ {[%clk 0:08:07]} Bg7 {[%clk 0:04:22]} 31. Bg5
{[%clk 0:06:53]} Qb6 {[%clk 0:04:13]} 32. Na4 {[%clk 0:05:35]} Nxa4
{[%clk 0:03:41]} 33. Bf6 {[%clk 0:05:38]} 1-0

[Event "SenorDM i hurtigskak"]
[Site "?"]
[Date "2014.09.03"]
[Round "6.3"]
[White "Hvenekilde, Jørgen"]
[Black "Sloth, Jørn"]
[Result "1/2-1/2"]
[LiveChessVersion "1.4.2"]
[BlackElo "2306"]
[WhiteElo "2073"]

1. e4 {[%clk 0:20:07]} c5 {[%clk 0:19:39]} 2. Nf3 {[%clk 0:20:07]} Nc6
{[%clk 0:19:20]} 3. d4 {[%clk 0:19:55]} cxd4 {[%clk 0:19:21]} 4. Nxd4
{[%clk 0:19:57]} g6 {[%clk 0:18:58]} 5. Nc3 {[%clk 0:19:43]} Bg7 {[%clk 0:19:00]}
6. Be3 {[%clk 0:19:37]} Nf6 {[%clk 0:19:01]} 7. Be2 {[%clk 0:19:23]} O-O
{[%clk 0:18:59]} 8. O-O {[%clk 0:19:06]} d5 {[%clk 0:18:01]} 9. exd5
{[%clk 0:18:43]} Nb4 {[%clk 0:17:19]} 10. Nb3 {[%clk 0:16:03]} Bf5
{[%clk 0:11:51]} 11. Nd4 {[%clk 0:15:07]} Bc8 {[%clk 0:11:29]} 12. Nb3
{[%clk 0:15:07]} Bf5 {[%clk 0:11:00]} 13. Nd4 {[%clk 0:14:55]} Bc8
{[%clk 0:10:52]} 14. Nb3 {[%clk 0:14:51]} 1/2-1/2

[Event "SenorDM i hurtigskak"]
[Site "?"]
[Date "2014.09.03"]
[Round "6.4"]
[White "Moe, Mogens"]
[Black "Sørensen, Preben"]
[Result "1-0"]
[LiveChessVersion "1.4.2"]
[BlackElo "2096"]
[WhiteElo "2154"]

1. e4 {[%clk 0:20:04]} c5 {[%clk 0:20:09]} 2. Nf3 {[%clk 0:20:07]} Nc6
{[%clk 0:20:12]} 3. d4 {[%clk 0:20:07]} cxd4 {[%clk 0:20:16]} 4. Nxd4 Nf6 5. Nc3
{[%clk 0:20:06]} Qb6 {[%clk 0:20:20]} 6. Nb3 {[%clk 0:20:03]} e6 {[%clk 0:20:23]}
7. Be3 {[%clk 0:19:58]} Qc7 {[%clk 0:20:27]} 8. Be2 {[%clk 0:19:56]} Be7
{[%clk 0:20:31]} 9. O-O {[%clk 0:19:51]} d6 {[%clk 0:20:35]} 10. f4
{[%clk 0:19:27]} O-O {[%clk 0:20:38]} 11. g4 {[%clk 0:19:01]} a6 {[%clk 0:20:28]}
12. g5 {[%clk 0:18:13]} Nd7 {[%clk 0:20:31]} 13. Qe1 {[%clk 0:17:28]} b5
{[%clk 0:15:26]} 14. a3 {[%clk 0:17:31]} Bb7 {[%clk 0:15:22]} 15. Qh4
{[%clk 0:17:27]} Rfd8 {[%clk 0:14:04]} 16. Rf3 {[%clk 0:14:46]} Nf8
{[%clk 0:13:11]} 17. Rh3 {[%clk 0:14:24]} d5 {[%clk 0:12:52]} 18. exd5
{[%clk 0:14:02]} exd5 {[%clk 0:12:56]} 19. Bd3 {[%clk 0:08:02]} g6
{[%clk 0:12:56]} 20. Ne2 {[%clk 0:08:01]} d4 {[%clk 0:09:35]} 21. Bd2
{[%clk 0:05:49]} Qd7 {[%clk 0:04:11]} 22. Ng3 {[%clk 0:05:28]} Bc8
{[%clk 0:03:29]} 23. f5 {[%clk 0:05:27]} Ne5 {[%clk 0:03:33]} 24. Ne4
{[%clk 0:02:30]} h5 {[%clk 0:01:34]} 25. Rf1 {[%clk 0:02:22]} Ng4
{[%clk 0:00:44]} 26. Nf6+ {[%clk 0:02:11]} Bxf6 {[%clk 0:00:48]} 27. gxf6
{[%clk 0:02:14]} Qd6 {[%clk 0:00:23]} 28. fxg6 {[%clk 0:02:14]} fxg6
{[%clk 0:00:26]} 29. Qg5 {[%clk 0:02:10]} Be6 {[%clk 0:00:14]} 30. Qh4 1-0

[Event "SenorDM i hurtigskak"]
[Site "?"]
[Date "2014.09.03"]
[Round "7.1"]
[White "Nielsen, Jens Ove Fries"]
[Black "Bindzus, Ernst"]
[Result "1-0"]
[LiveChessVersion "1.4.2"]
[BlackElo "1861"]
[WhiteElo "2418"]

1. e4 {[%clk 0:19:51]} c5 {[%clk 0:20:00]} 2. Na3 {[%clk 0:19:36]} g6
{[%clk 0:19:19]} 3. d4 {[%clk 0:19:07]} cxd4 {[%clk 0:19:09]} 4. Qxd4
{[%clk 0:18:48]} Nf6 {[%clk 0:18:41]} 5. Bd2 {[%clk 0:17:14]} Nc6
{[%clk 0:17:51]} 6. Qd3 {[%clk 0:15:26]} Bg7 {[%clk 0:16:59]} 7. c4
{[%clk 0:15:13]} O-O {[%clk 0:16:32]} 8. Bc3 {[%clk 0:15:03]} d6 {[%clk 0:15:49]}
9. Nf3 {[%clk 0:14:44]} Qc7 {[%clk 0:14:31]} 10. Be2 {[%clk 0:14:38]} a6
{[%clk 0:14:18]} 11. O-O {[%clk 0:14:24]} b6 {[%clk 0:13:40]} 12. Rac1
{[%clk 0:14:03]} Bb7 {[%clk 0:12:29]} 13. Nd2 {[%clk 0:13:29]} Ne5
{[%clk 0:11:00]} 14. Qb1 {[%clk 0:12:50]} Rac8 {[%clk 0:10:33]} 15. b4
{[%clk 0:12:31]} Rfd8 {[%clk 0:09:27]} 16. h3 {[%clk 0:12:15]} Ba8
{[%clk 0:08:56]} 17. f4 {[%clk 0:11:48]} Ned7 {[%clk 0:08:42]} 18. Kh2
{[%clk 0:11:07]} Nf8 {[%clk 0:07:27]} 19. Qd3 {[%clk 0:08:58]} Ne8
{[%clk 0:06:01]} 20. Bxg7 {[%clk 0:08:39]} Nxg7 {[%clk 0:06:00]} 21. Nc2
{[%clk 0:08:12]} Nfe6 {[%clk 0:05:34]} 22. Ne3 {[%clk 0:06:43]} Qb8
{[%clk 0:05:16]} 23. Nd5 {[%clk 0:06:34]} Bxd5 {[%clk 0:04:44]} 24. exd5
{[%clk 0:06:31]} Nf8 {[%clk 0:04:30]} 25. Nf3 {[%clk 0:06:25]} Nd7
{[%clk 0:04:05]} 26. Nd4 {[%clk 0:06:14]} e5 {[%clk 0:03:09]} 27. Nc6
{[%clk 0:05:53]} Qc7 {[%clk 0:03:06]} 28. f5 {[%clk 0:05:37]} Re8
{[%clk 0:02:40]} 29. f6 1-0

[Event "SenorDM i hurtigskak"]
[Site "?"]
[Date "2014.09.03"]
[Round "7.2"]
[White "Stentebjerg-Hansen, Per"]
[Black "Friis, Carsten Bank"]
[Result "1-0"]
[LiveChessVersion "1.4.2"]
[BlackElo "2224"]
[WhiteElo "2195"]

1. d4 Nf6 2. c4 e6 3. Nc3 d5 4. cxd5 exd5 5. Bg5 Nbd7 6. e3 c6 7. Bd3 Be7 8. Qc2
O-O 9. f3 Re8 10. Nge2 Nf8 11. O-O Nh5 12. Bxe7 Qxe7 13. e4 dxe4 14. fxe4 Qg5 15.
Rae1 {[%clk 0:17:28]} Be6 {[%clk 0:18:49]} 16. e5 {[%clk 0:14:55]} Bd5
{[%clk 0:16:03]} 17. Nxd5 {[%clk 0:14:41]} cxd5 {[%clk 0:16:07]} 18. Qc1
{[%clk 0:13:08]} Qxc1 {[%clk 0:16:04]} 19. Rxc1 {[%clk 0:12:44]} g6
{[%clk 0:13:25]} 20. Rc7 {[%clk 0:12:39]} f5 {[%clk 0:13:09]} 21. exf6
{[%clk 0:12:04]} Re3 {[%clk 0:13:11]} 22. Nc1 {[%clk 0:11:49]} Ne6
{[%clk 0:12:40]} 23. Re7 {[%clk 0:11:14]} Rf8 {[%clk 0:12:21]} 24. f7+
{[%clk 0:10:51]} Kg7 {[%clk 0:12:24]} 25. Kf2 {[%clk 0:10:11]} Rxd3
{[%clk 0:12:09]} 26. Nxd3 {[%clk 0:10:13]} Nxd4 {[%clk 0:11:50]} 27. Ne5
{[%clk 0:09:03]} Nc6 {[%clk 0:11:09]} 28. Nxc6 {[%clk 0:08:49]} bxc6
{[%clk 0:11:13]} 29. Rxa7 {[%clk 0:07:35]} Rxf7+ {[%clk 0:11:10]} 30. Rxf7+
{[%clk 0:07:39]} Kxf7 {[%clk 0:11:14]} 31. Rc1 {[%clk 0:07:21]} Ke6
{[%clk 0:10:59]} 32. Rxc6+ {[%clk 0:07:24]} Ke5 {[%clk 0:11:03]} 33. a4
{[%clk 0:07:24]} Nf4 {[%clk 0:11:04]} 34. a5 {[%clk 0:07:13]} 1-0

[Event "SenorDM i hurtigskak"]
[Site "?"]
[Date "2014.09.03"]
[Round "7.3"]
[White "Sloth, Jørn"]
[Black "Grabow, Poulsteen Holm"]
[Result "1/2-1/2"]
[LiveChessVersion "1.4.2"]
[BlackElo "2154"]
[WhiteElo "2306"]

1. c4 {[%clk 0:19:53]} c6 {[%clk 0:19:30]} 2. Nf3 {[%clk 0:18:45]} d5
{[%clk 0:19:20]} 3. e3 {[%clk 0:18:45]} Nf6 {[%clk 0:19:23]} 4. Qc2
{[%clk 0:18:03]} g6 {[%clk 0:18:53]} 5. d3 {[%clk 0:16:46]} Bg7 {[%clk 0:18:47]}
6. Be2 {[%clk 0:16:27]} O-O {[%clk 0:18:47]} 7. b3 {[%clk 0:15:53]} b6
{[%clk 0:16:44]} 8. Bb2 {[%clk 0:15:46]} Bb7 {[%clk 0:16:44]} 9. O-O
{[%clk 0:14:51]} c5 {[%clk 0:16:43]} 10. cxd5 {[%clk 0:14:15]} Qxd5
{[%clk 0:15:11]} 11. Nc3 {[%clk 0:12:35]} Qf5 {[%clk 0:14:15]} 12. Rac1
{[%clk 0:12:03]} Nc6 {[%clk 0:14:02]} 13. Rfd1 {[%clk 0:11:35]} Rac8
{[%clk 0:13:27]} 14. a3 {[%clk 0:10:39]} Rfd8 {[%clk 0:12:24]} 15. Qb1
{[%clk 0:10:32]} e5 {[%clk 0:10:15]} 16. Ba1 {[%clk 0:10:23]} h6 {[%clk 0:08:51]}
17. b4 {[%clk 0:09:41]} cxb4 {[%clk 0:08:08]} 18. axb4 {[%clk 0:09:44]} Qe6
{[%clk 0:08:06]} 19. b5 {[%clk 0:08:48]} Na5 {[%clk 0:07:36]} 20. Nd2
{[%clk 0:08:41]} Nd7 {[%clk 0:06:40]} 21. Na4 {[%clk 0:07:41]} Bd5
{[%clk 0:05:38]} 22. Rxc8 {[%clk 0:04:36]} Rxc8 {[%clk 0:05:38]} 23. Rc1
{[%clk 0:04:27]} Rxc1+ {[%clk 0:05:09]} 24. Qxc1 {[%clk 0:04:31]} Nb3
{[%clk 0:05:09]} 25. Nxb3 {[%clk 0:04:22]} Bxb3 {[%clk 0:05:12]} 26. Qc8+
{[%clk 0:03:55]} Nf8 {[%clk 0:04:53]} 27. Qxe6 {[%clk 0:03:42]} Nxe6
{[%clk 0:04:57]} 28. Nc3 {[%clk 0:03:12]} f5 {[%clk 0:04:55]} 29. Kf1
{[%clk 0:02:27]} Kf7 {[%clk 0:04:59]} 30. Ke1 {[%clk 0:02:29]} Ke7
{[%clk 0:05:02]} 31. Bb2 {[%clk 0:02:23]} Kd7 {[%clk 0:04:42]} 32. Ba3
{[%clk 0:02:15]} Bf8 {[%clk 0:04:23]} 33. Bxf8 {[%clk 0:02:16]} Nxf8
{[%clk 0:04:27]} 34. Kd2 Kd6 35. d4 1/2-1/2

[Event "SenorDM i hurtigskak"]
[Site "?"]
[Date "2014.09.03"]
[Round "7.4"]
[White "Hvenekilde, Jørgen"]
[Black "Moe, Mogens"]
[Result "1/2-1/2"]
[LiveChessVersion "1.4.2"]
[BlackElo "2154"]
[WhiteElo "2073"]

1. e4 {[%clk 0:20:05]} c5 {[%clk 0:20:07]} 2. Nf3 {[%clk 0:20:07]} Nc6
{[%clk 0:19:50]} 3. d4 {[%clk 0:20:09]} cxd4 {[%clk 0:19:50]} 4. Nxd4
{[%clk 0:20:11]} e5 {[%clk 0:18:47]} 5. Nb3 {[%clk 0:19:48]} d6 {[%clk 0:18:40]}
6. Nc3 {[%clk 0:19:38]} Be6 {[%clk 0:18:35]} 7. Be2 {[%clk 0:18:55]} Be7
{[%clk 0:18:17]} 8. O-O {[%clk 0:18:26]} Rc8 {[%clk 0:16:39]} 9. Be3
{[%clk 0:17:38]} Nf6 {[%clk 0:16:07]} 10. h3 {[%clk 0:16:15]} d5 {[%clk 0:15:50]}
11. exd5 {[%clk 0:16:15]} Nxd5 {[%clk 0:15:51]} 12. Nxd5 {[%clk 0:16:08]} Qxd5
{[%clk 0:15:53]} 13. Nc5 {[%clk 0:14:26]} b6 {[%clk 0:13:34]} 14. Nxe6
{[%clk 0:14:17]} Qxe6 {[%clk 0:13:36]} 15. c3 {[%clk 0:13:34]} O-O
{[%clk 0:13:33]} 16. Qb3 {[%clk 0:13:04]} Qg6 {[%clk 0:13:14]} 17. Rfe1
{[%clk 0:11:05]} Kh8 {[%clk 0:13:10]} 18. Ba6 {[%clk 0:10:42]} Rcd8
{[%clk 0:12:18]} 19. Rad1 {[%clk 0:10:21]} f5 {[%clk 0:12:03]} 20. Qc2
{[%clk 0:09:29]} e4 {[%clk 0:11:45]} 21. Bf4 {[%clk 0:08:46]} Bd6
{[%clk 0:10:38]} 22. Bxd6 {[%clk 0:08:37]} Rxd6 {[%clk 0:10:41]} 23. Rxd6
{[%clk 0:08:39]} Qxd6 {[%clk 0:10:44]} 24. Rd1 {[%clk 0:08:04]} Qe7
{[%clk 0:10:44]} 25. Bb5 {[%clk 0:07:33]} Ne5 {[%clk 0:10:46]} 26. Qd2
{[%clk 0:07:14]} h6 {[%clk 0:06:15]} 27. Qd6 {[%clk 0:06:59]} Qxd6
{[%clk 0:05:55]} 28. Rxd6 {[%clk 0:07:02]} Rc8 {[%clk 0:05:58]} 29. Kf1
{[%clk 0:06:32]} Kg8 {[%clk 0:06:00]} 30. Rd5 {[%clk 0:06:17]} Rc5
{[%clk 0:06:03]} 31. Rxc5 {[%clk 0:06:15]} bxc5 {[%clk 0:06:06]} 32. b4
{[%clk 0:05:54]} cxb4 {[%clk 0:05:58]} 33. cxb4 {[%clk 0:05:56]} Kf7
{[%clk 0:06:01]} 34. Ke2 {[%clk 0:05:51]} Ke6 {[%clk 0:06:03]} 35. f3
{[%clk 0:05:38]} 1/2-1/2

[Event "SenorDM i hurtigskak"]
[Site "?"]
[Date "2014.08.29"]
[Round "8.1"]
[White "Nielsen, Jens Ove Fries"]
[Black "Johansen, Johnny Holler"]
[Result "1-0"]
[LiveChessVersion "1.4.2"]
[BlackElo "1824"]
[WhiteElo "2418"]

1. d4 {[%clk 0:19:57]} d5 {[%clk 0:20:09]} 2. Nc3 {[%clk 0:19:57]} Nf6
{[%clk 0:20:07]} 3. Bf4 {[%clk 0:19:59]} Bf5 {[%clk 0:19:53]} 4. Nf3
{[%clk 0:19:41]} e6 {[%clk 0:19:51]} 5. Nh4 {[%clk 0:19:01]} Bg6 {[%clk 0:19:48]}
6. Nxg6 {[%clk 0:18:56]} hxg6 {[%clk 0:19:50]} 7. Qd3 {[%clk 0:18:51]} c5
{[%clk 0:19:34]} 8. Qb5+ {[%clk 0:15:24]} Qd7 {[%clk 0:19:24]} 9. dxc5
{[%clk 0:14:52]} a6 {[%clk 0:15:47]} 10. Qxd7+ {[%clk 0:12:52]} Kxd7
{[%clk 0:15:26]} 11. Na4 {[%clk 0:12:22]} Nh5 {[%clk 0:13:28]} 12. Be3
{[%clk 0:10:00]} Kc6 13. g4 Nf6 {[%clk 0:12:59]} 14. Rg1 {[%clk 0:09:42]} Nbd7
{[%clk 0:12:46]} 15. c4 {[%clk 0:09:10]} Nxc5 {[%clk 0:11:33]} 16. cxd5+
{[%clk 0:08:53]} Nxd5 {[%clk 0:11:21]} 17. Bxc5 {[%clk 0:08:35]} Bxc5
{[%clk 0:11:04]} 18. Rc1 {[%clk 0:08:40]} b6 {[%clk 0:10:45]} 19. e4
{[%clk 0:08:15]} Nf6 {[%clk 0:08:14]} 20. b4 {[%clk 0:08:06]} Nxe4
{[%clk 0:08:05]} 21. Bg2 {[%clk 0:07:50]} Kd5 {[%clk 0:07:08]} 22. bxc5
{[%clk 0:07:45]} bxc5 {[%clk 0:05:46]} 23. Nb6+ {[%clk 0:07:43]} 1-0

[Event "SenorDM i hurtigskak"]
[Site "?"]
[Date "2014.08.29"]
[Round "8.2"]
[White "Baliuniene, Margarita"]
[Black "Stentebjerg-Hansen, Per"]
[Result "0-1"]
[LiveChessVersion "1.4.2"]
[BlackElo "2195"]
[WhiteElo "1982"]

1. d4 {[%clk 0:20:07]} d5 {[%clk 0:20:08]} 2. c4 {[%clk 0:20:11]} c6
{[%clk 0:20:12]} 3. e3 {[%clk 0:20:10]} Nf6 {[%clk 0:19:59]} 4. Nc3
{[%clk 0:20:11]} g6 {[%clk 0:18:50]} 5. cxd5 {[%clk 0:19:23]} cxd5
{[%clk 0:18:28]} 6. Bd3 {[%clk 0:19:23]} Nc6 {[%clk 0:18:12]} 7. Nf3
{[%clk 0:18:45]} Bg7 {[%clk 0:16:29]} 8. O-O {[%clk 0:18:42]} O-O
{[%clk 0:16:32]} 9. a3 {[%clk 0:17:53]} Re8 {[%clk 0:15:52]} 10. b4
{[%clk 0:17:45]} a6 {[%clk 0:15:16]} 11. Bb2 {[%clk 0:17:02]} Bf5
{[%clk 0:13:51]} 12. Bxf5 {[%clk 0:16:12]} gxf5 {[%clk 0:13:55]} 13. Qd3
{[%clk 0:14:51]} e6 {[%clk 0:13:32]} 14. Rac1 {[%clk 0:13:53]} Ne4
{[%clk 0:12:43]} 15. Ne2 {[%clk 0:12:09]} Bf8 {[%clk 0:09:40]} 16. Ne5
{[%clk 0:10:34]} Ne7 {[%clk 0:08:21]} 17. Nf4 {[%clk 0:08:46]} Ng6
{[%clk 0:08:21]} 18. Nfxg6 {[%clk 0:07:29]} hxg6 {[%clk 0:07:22]} 19. f3
{[%clk 0:07:01]} Nd6 {[%clk 0:06:55]} 20. Bc3 {[%clk 0:06:45]} Bg7
{[%clk 0:06:54]} 21. Be1 {[%clk 0:06:08]} Qe7 {[%clk 0:06:02]} 22. Bg3
{[%clk 0:05:58]} Rec8 {[%clk 0:06:03]} 23. Qb3 {[%clk 0:03:29]} Qd8
{[%clk 0:05:23]} 24. a4 {[%clk 0:02:38]} Bf8 {[%clk 0:04:59]} 25. b5
{[%clk 0:01:36]} axb5 {[%clk 0:04:59]} 26. axb5 {[%clk 0:01:40]} Ra5
{[%clk 0:04:54]} 27. b6 {[%clk 0:01:27]} Rb5 {[%clk 0:04:55]} 28. Qa4
{[%clk 0:01:00]} Rxb6 {[%clk 0:04:40]} 29. Rxc8 {[%clk 0:00:22]} Qxc8
{[%clk 0:04:32]} 30. Nd7 {[%clk 0:00:24]} Ra6 {[%clk 0:04:28]} 31. Nf6+
{[%clk 0:00:16]} Kg7 {[%clk 0:04:26]} 32. Be5 {[%clk 0:00:20]} Rxa4
{[%clk 0:04:26]} 0-1

[Event "SenorDM i hurtigskak"]
[Site "?"]
[Date "2014.08.29"]
[Round "8.3"]
[White "Quist, Viggo Bove"]
[Black "Sloth, Jørn"]
[Result "0-1"]
[LiveChessVersion "1.4.2"]
[BlackElo "2306"]
[WhiteElo "2148"]

1. d4 {[%clk 0:20:08]} Nf6 {[%clk 0:19:37]} 2. Nf3 {[%clk 0:20:10]} d6
{[%clk 0:19:25]} 3. g3 {[%clk 0:19:40]} g6 {[%clk 0:19:06]} 4. Bg2
{[%clk 0:19:42]} Bg7 {[%clk 0:19:06]} 5. c4 {[%clk 0:19:09]} O-O {[%clk 0:19:06]}
6. Nc3 {[%clk 0:19:10]} c6 {[%clk 0:18:26]} 7. O-O {[%clk 0:18:20]} Qa5
{[%clk 0:17:16]} 8. h3 {[%clk 0:15:47]} Be6 {[%clk 0:17:08]} 9. Qd3
{[%clk 0:15:18]} Qa6 {[%clk 0:15:34]} 10. b3 {[%clk 0:14:17]} d5 {[%clk 0:15:02]}
11. Ne5 {[%clk 0:10:50]} Rd8 {[%clk 0:14:55]} 12. c5 {[%clk 0:08:49]} Nfd7
{[%clk 0:14:24]} 13. Qxa6 {[%clk 0:06:54]} Nxa6 {[%clk 0:14:27]} 14. f4
{[%clk 0:06:32]} Nxe5 {[%clk 0:10:34]} 15. fxe5 {[%clk 0:06:36]} b6
{[%clk 0:10:04]} 16. cxb6 {[%clk 0:06:30]} axb6 {[%clk 0:10:06]} 17. e3
{[%clk 0:05:58]} f6 {[%clk 0:08:53]} 18. exf6 {[%clk 0:05:57]} Bxf6
{[%clk 0:08:49]} 19. Bd2 {[%clk 0:05:15]} b5 {[%clk 0:05:46]} 20. a4
{[%clk 0:04:39]} b4 {[%clk 0:05:29]} 21. Ne2 {[%clk 0:04:41]} c5 {[%clk 0:05:19]}
22. Rac1 {[%clk 0:04:26]} c4 {[%clk 0:04:30]} 23. Nf4 {[%clk 0:03:33]} Bf7
{[%clk 0:04:17]} 24. bxc4 {[%clk 0:03:15]} dxc4 {[%clk 0:04:20]} 25. Bxa8
{[%clk 0:03:17]} Rxa8 {[%clk 0:04:24]} 26. d5 {[%clk 0:03:01]} c3
{[%clk 0:04:10]} 27. Be1 {[%clk 0:02:59]} Nc5 {[%clk 0:04:13]} 28. h4
{[%clk 0:01:58]} Rxa4 {[%clk 0:04:04]} 29. Rf2 {[%clk 0:01:51]} Ne4
{[%clk 0:03:54]} 30. Rfc2 {[%clk 0:00:56]} b3 {[%clk 0:03:19]} 31. Rxc3
{[%clk 0:00:44]} Nxc3 {[%clk 0:03:12]} 32. Bxc3 {[%clk 0:00:42]} Bxc3 33. Rxc3 b2
{[%clk 0:02:48]} 0-1

[Event "SenorDM i hurtigskak"]
[Site "?"]
[Date "2014.08.29"]
[Round "8.4"]
[White "Moe, Mogens"]
[Black "Pedersen, Hans Dahl"]
[Result "0-1"]
[LiveChessVersion "1.4.2"]
[BlackElo "2148"]
[WhiteElo "2154"]

1. e4 {[%clk 0:20:07]} c5 {[%clk 0:20:05]} 2. Nf3 {[%clk 0:20:10]} e6
{[%clk 0:20:08]} 3. d4 {[%clk 0:20:10]} cxd4 {[%clk 0:20:10]} 4. Nxd4
{[%clk 0:20:13]} a6 {[%clk 0:20:14]} 5. Nc3 {[%clk 0:20:06]} Qc7 {[%clk 0:20:10]}
6. Be2 {[%clk 0:19:40]} Nf6 {[%clk 0:19:57]} 7. O-O {[%clk 0:19:37]} Nc6
{[%clk 0:19:48]} 8. Nb3 {[%clk 0:19:16]} b5 {[%clk 0:19:41]} 9. a3
{[%clk 0:19:19]} Bb7 {[%clk 0:19:31]} 10. f4 {[%clk 0:19:13]} d6 {[%clk 0:19:00]}
11. Bf3 {[%clk 0:18:55]} Be7 {[%clk 0:18:52]} 12. Qe1 {[%clk 0:17:39]} O-O
{[%clk 0:16:09]} 13. g4 {[%clk 0:17:20]} Nd7 {[%clk 0:14:24]} 14. g5
{[%clk 0:16:48]} Nc5 {[%clk 0:13:04]} 15. Be3 {[%clk 0:16:08]} Nxb3
{[%clk 0:12:32]} 16. cxb3 {[%clk 0:16:12]} b4 {[%clk 0:12:03]} 17. Ne2
{[%clk 0:15:49]} bxa3 {[%clk 0:09:59]} 18. bxa3 {[%clk 0:15:50]} Na5
{[%clk 0:09:14]} 19. Rc1 {[%clk 0:15:16]} Qd8 {[%clk 0:09:15]} 20. b4
{[%clk 0:15:12]} Nc6 {[%clk 0:09:06]} 21. Qh4 {[%clk 0:14:46]} e5
{[%clk 0:07:40]} 22. Qg3 {[%clk 0:12:10]} exf4 {[%clk 0:07:16]} 23. Bxf4
{[%clk 0:12:11]} Ne5 {[%clk 0:06:50]} 24. Bg2 {[%clk 0:09:51]} a5
{[%clk 0:05:45]} 25. Rfd1 {[%clk 0:08:23]} Qb6+ {[%clk 0:04:53]} 26. Be3
{[%clk 0:08:25]} Qd8 {[%clk 0:04:48]} 27. b5 {[%clk 0:07:57]} Rc8
{[%clk 0:04:49]} 28. Rxc8 {[%clk 0:07:35]} Qxc8 {[%clk 0:04:52]} 29. Rc1
{[%clk 0:06:18]} Qd7 {[%clk 0:03:34]} 30. Nd4 {[%clk 0:06:10]} Rc8
{[%clk 0:03:23]} 31. Qe1 {[%clk 0:05:52]} Nd3 {[%clk 0:02:33]} 32. Rxc8+
{[%clk 0:05:46]} Qxc8 {[%clk 0:02:36]} 33. Qe2 {[%clk 0:05:24]} Ne5
{[%clk 0:02:39]} 34. Nf5 {[%clk 0:05:10]} Bf8 {[%clk 0:02:42]} 35. Bd4
{[%clk 0:04:39]} Qc1+ {[%clk 0:02:44]} 36. Kf2 {[%clk 0:03:42]} Qxg5
{[%clk 0:02:40]} 37. h4 {[%clk 0:03:02]} Qf4+ {[%clk 0:02:33]} 38. Kg1
{[%clk 0:02:53]} Ng4 {[%clk 0:02:31]} 39. Bf3 {[%clk 0:02:40]} Ne5
{[%clk 0:02:19]} 40. Bxe5 {[%clk 0:02:23]} dxe5 {[%clk 0:02:15]} 41. Kg2
{[%clk 0:01:57]} g6 {[%clk 0:02:12]} 42. Ng3 {[%clk 0:01:59]} Qxh4
{[%clk 0:02:15]} 43. Qc4 {[%clk 0:01:56]} Qf4 {[%clk 0:02:11]} 44. Qc7
{[%clk 0:01:50]} Qd2+ {[%clk 0:01:57]} 45. Kh3 {[%clk 0:01:21]} Qe3
{[%clk 0:02:00]} 46. Kg2 {[%clk 0:01:15]} Qd2+ {[%clk 0:02:04]} 47. Kh3
{[%clk 0:01:19]} Qf2 {[%clk 0:01:50]} 48. Bg2 {[%clk 0:01:18]} Qa7
{[%clk 0:01:42]} 49. b6 {[%clk 0:01:17]} Qa6 {[%clk 0:01:44]} 50. Bf1
{[%clk 0:01:19]} Qa8 {[%clk 0:01:48]} 51. Qxe5 {[%clk 0:01:15]} Qc8+
{[%clk 0:01:49]} 52. Kh4 {[%clk 0:01:08]} Bxa3 {[%clk 0:01:48]} 53. Bh3
{[%clk 0:01:07]} Qd8+ {[%clk 0:01:51]} 54. Qg5 {[%clk 0:01:06]} Be7
{[%clk 0:01:54]} 0-1